Organic animal breeding and production ; quality assessment of raw materials and products
There is an increased need for the products of ecological/organic animal breeding origin (products from agro-units with ecological qualification or units to go organic). I present the analysing processes and the quality preferences concerning human nutrition. They are dealing with the protection of...
Elmentve itt :
| Szerző: | |
|---|---|
| Testületi szerző: | |
| Dokumentumtípus: | Cikk |
| Megjelent: |
Szegedi Tudományegyetem Mezőgazdasági Kar
Szeged
2011
|
| Sorozat: | Agrár- és vidékfejlesztési szemle
6 No. 1 |
| Kulcsszavak: | Állattenyésztés - biogazdálkodás, Élelmiszerbiztonság |
| Tárgyszavak: | |
| Online Access: | http://acta.bibl.u-szeged.hu/76104 |
| LEADER | 01460nab a2200229 i 4500 | ||
|---|---|---|---|
| 001 | acta76104 | ||
| 005 | 20220629151329.0 | ||
| 008 | 220629s2011 hu o 0|| eng d | ||
| 022 | |a 1788-5345 | ||
| 040 | |a SZTE Egyetemi Kiadványok Repozitórium |b hun | ||
| 041 | |a eng | ||
| 100 | 1 | |a Seregi János | |
| 245 | 1 | 0 | |a Organic animal breeding and production ; quality assessment of raw materials and products |h [elektronikus dokumentum] / |c Seregi János |
| 260 | |a Szegedi Tudományegyetem Mezőgazdasági Kar |b Szeged |c 2011 | ||
| 300 | |a 183-188 | ||
| 490 | 0 | |a Agrár- és vidékfejlesztési szemle |v 6 No. 1 | |
| 520 | 3 | |a There is an increased need for the products of ecological/organic animal breeding origin (products from agro-units with ecological qualification or units to go organic). I present the analysing processes and the quality preferences concerning human nutrition. They are dealing with the protection of origin, prevention of adulteration and food safety questions. Furthermore they present examples for the advantages of indigenous, traditional breeds used in the organic production. | |
| 650 | 4 | |a Mezőgazdaság-tudományok | |
| 650 | 4 | |a Állattenyésztési és tejtermelési tudomány | |
| 695 | |a Állattenyésztés - biogazdálkodás, Élelmiszerbiztonság | ||
| 710 | |a Traditions, innovation, sustainability (2011) (Hódmezővásárhely) | ||
| 856 | 4 | 0 | |u http://acta.bibl.u-szeged.hu/76104/1/agrarszemle_2011_001_suppl_183-188.pdf |z Dokumentum-elérés |